Entry Personal Name
Number of records used in: 3
001 - CONTROL NUMBER
003 - CONTROL NUMBER IDENTIFIER
005 - DATE AND TIME OF LATEST TRANSACTION
- control field:
20200123114425.0
008 - FIXED-LENGTH DATA ELEMENTS
- fixed length control field:
991116n| acannaabn |a aaa
010 ## - LIBRARY OF CONGRESS CONTROL NUMBER
- LC control number:
no 99083190
035 ## - SYSTEM CONTROL NUMBER
- System control number:
(OCoLC)oca05103796
040 ## - CATALOGING SOURCE
- Original cataloging agency:
DLC-ON
- Language of cataloging:
eng
- Transcribing agency:
DLC-ON
- Modifying agency:
Uk
100 10 - HEADING--PERSONAL NAME
- Personal name:
Khanna, V. N.
400 10 - SEE FROM TRACING--PERSONAL NAME
- Personal name:
Khanna, Vishwa Nath
670 ## - SOURCE DATA FOUND
- Source citation:
India's nuclear doctrine, c2000:
- Information found:
t.p. (V.N. Khanna) jkt. (reader in pol. sc., at Deshbandhu Coll., U. of Delhi; life member of Indian Political Science Association)
670 ## - SOURCE DATA FOUND
- Source citation:
DK Agency catalogue card, 13 July 2000
- Information found:
(hdg.: Khanna, V. N. (Vishwa Nath), 1935-)